000 00744cam a2200205 4500
001 J1586
008 090401t1993 xxu||||| |||| 00| 0 eng d
035 _a(Sirsi) u44345
041 _aeng
110 _aEurope
_bEuropean Communities Commission
_9698
245 _aCommission Regulation (EEC) No 502/93 of 4 March 1993 determining the loss of income and the premiums applicable per ewe and per female goat in the Member States and the specific aid for sheep and goat farming in certain less-favoured areas of the Community for the 1992 marketing year.
260 _c1993
300 _a(3)p. ; 30cm.
350 _a0
650 _aEC COMMUNITY
650 _aEC REGULATIONS
650 _aEWE PREMIUMS
942 _n0
948 _c04/03/1997
999 _c91498
_d91498